000 00652nam a2200169 i 4500
001 29818
003 ES-MaACL
005 20230906154108.0
007 t|
008 030123s1914 sp ||||1| spa d
100 1 _aBasanta Ramos, Pedro Alcántara.
_926247
245 1 0 _aLibro de curiosidades relativas a Valladolid
_b: (1807-1831) /
_cpor Pedro Alcántara Basanta ; publicado con un prólogo y algunas notas por Alfredo Basanta de la Riva.
260 _aValladolid :
_b[s.n.,
_c1914] (
_fTip. del Colegio de Santiago)
300 _aX, 177 p. ;
_c21 cm.
700 1 _aBasanta de la Riva, Alfredo.
_926246
852 _aES-MaACL
_jR-3007
_x Olim:G-2852
999 _c29818
_d29818